00410nam a2200157 a 4500008004100000020001500041050001400056100001600070245003000086260004100116300002200157350000900179650002400188650002800212650001200240120416s1982 ||||||||||||||||| || u a0471047465 aQC 23 Hob aHobson, Art10aPhysics and human affairs aNew York:bJohn Wiley and Sonsc1982 axiii, 418p. : ill a0.00 aPHYSICS--PHILOSOPHY aPHYSICS--SOCIAL ASPECTS 0aPHYSICS